Good kid songs - Statistics

General Stats
  • This quiz has been taken 52 times
    38 since last reset
  • The average score is 33 of 39
Answer Stats
Songs % Correct
Cicada
100%
Wall
100%
Bubbly
95%
Coffee
95%
Eastside
95%
First rate town
95%
Mimi's delivery service
95%
Nomu
95%
Rift
95%
Tell me you know
95%
Atlas
89%
Ginger Lemonade
89%
Ground
89%
Madeleine
89%
Slingshot
89%
Tornado
89%
Alchemist
84%
Down with the king
84%
From the start
84%
Ghost Keeper
84%
Osmosis
84%
Second rate town
84%
Summer
84%
Aloe lite
79%
Break
79%
Drifting
79%
Faster
79%
No time to explain
79%
Orbit
79%
Alone With Me
74%
Dance class
74%
Everything everything
74%
Pox
74%
Premier inn
74%
Some time to explain
74%
Tea Leaves
74%
DWTK
68%
Epilogue - Slingshot
63%
Witches
63%
No matching quizzes found
Score Distribution
Percent of People with Each Score
Percentile by Number Answered
Your Score History
You have not taken this quiz since the last reset